[Event "I Open Svolta A"]
[Site "Torino ITA"]
[Date "2000.05.28"]
[Round "1"]
[White "Diana, Riccardo"]
[Black "Faraoni, Enrico"]
[Result "1/2-1/2"]
[WhiteElo "2067"]
[BlackElo "2174"]
[PlyCount "26"]
[EventDate "2000.05.28"]

1.e4 c5 2.c3 e6 3.d4 d5 4.exd5 exd5 5.Nf3 Bd6 6.Bb5+ Nc6 7.O-O Ne7 8.dxc5 
Bxc5 9.Nbd2 O-O 10.Nb3 Bd6 11.Nbd4 Bg4 12.h3 Nxd4 13.cxd4 Bh5 1/2-1/2

[Event "I Open Svolta A"]
[Site "Torino ITA"]
[Date "2000.05.28"]
[Round "1"]
[White "Ravagnani, Tiziano"]
[Black "Racioppo, Paolo"]
[Result "1-0"]
[WhiteElo "2014"]
[BlackElo "2189"]
[PlyCount "69"]
[EventDate "2000.05.28"]

1.e4 c5 2.Nf3 a6 3.d4 cxd4 4.Nxd4 Nf6 5.Nc3 e5 6.Nb3 Bb4 7.Bd3 d5 8.exd5 
e4 9.Be2 Nxd5 10.O-O Bxc3 11.bxc3 O-O 12.c4 Nc3 13.Qe1 Nxe2+ 14.Qxe2 Bf5 
15.Bf4 Nc6 16.Rfd1 Qf6 17.Rd6 Qb2 18.g4 Bg6 19.Rad1 Qxa2 20.Nc5 Qb2 21.h4 
e3 22.Bxe3 a5 23.h5 Bxc2 24.R1d2 Nb4 25.Kg2 Rfe8 26.Rd7 a4 27.Qf3 Qf6 28.
Qxf6 gxf6 29.Rxb7 Reb8 30.Rxb4 Rxb4 31.Rxc2 a3 32.Ra2 Rxc4 33.Kg3 Rc3 34.
Ne4 Kg7 35.Nxc3 1-0

[Event "I Open Svolta A"]
[Site "Torino ITA"]
[Date "2000.05.28"]
[Round "1"]
[White "Spinelli, Doriano"]
[Black "Scarenzio, Renato"]
[Result "1-0"]
[WhiteElo "2189"]
[BlackElo "2013"]
[PlyCount "93"]
[EventDate "2000.05.28"]

1.e4 c6 2.d4 d5 3.Nc3 dxe4 4.Nxe4 Nd7 5.Nf3 Ngf6 6.Ng3 e6 7.Bd3 c5 8.O-O 
cxd4 9.Nxd4 Bc5 10.Nb3 Bb6 11.Qe2 O-O 12.c4 Qc7 13.Bg5 h6 14.Bxf6 Nxf6 15.
c5 Ba5 16.Ne4 Nd5 17.Nd6 Bb4 18.Rac1 Rd8 19.g3 b6 20.Nb5 Qe7 21.c6 a6 22.
N5d4 Qc7 23.a3 Bd6 24.Be4 Nf6 25.Rfd1 Nxe4 26.Qxe4 e5 27.Nf5 Bxf5 28.Qxf5 
Qc8 29.Qe4 Qh3 30.Nd2 Qe6 31.Nc4 Bc7 32.Ne3 Rxd1+ 33.Rxd1 Rd8 34.Rxd8+ 
Bxd8 35.Qd5 Qe7 36.Nf5 Qc7 37.Nd6 Kf8 38.Nxf7 Bf6 39.Nd6 Ke7 40.Nf5+ Kf8 
41.Qe6 Bd8 42.Ne3 Qe7 43.Qf5+ Qf6 44.Qxf6+ gxf6 45.Nd5 Kf7 46.c7 Bxc7 47.
Nxc7 1-0

[Event "I Open Svolta A"]
[Site "Torino ITA"]
[Date "2000.05.29"]
[Round "2"]
[White "Drazic, Sinisa"]
[Black "Diana, Riccardo"]
[Result "1-0"]
[WhiteElo "2483"]
[BlackElo "2067"]
[PlyCount "101"]
[EventDate "2000.05.28"]

1.c4 c5 2.g3 Nf6 3.Bg2 Nc6 4.Nc3 g6 5.e3 Bg7 6.Nge2 O-O 7.O-O d6 8.d4 Bd7 
9.b3 Rb8 10.Bb2 a6 11.Rc1 Qa5 12.a3 Rfc8 13.Nb1 Qd8 14.Nd2 e6 15.Rc2 Qe7 
16.Qa1 Re8 17.Re1 e5 18.d5 Nd8 19.b4 b6 20.Bc3 Nh5 21.Rb2 Ra8 22.bxc5 bxc5
23.Rb6 f5 24.f4 exf4 25.Nxf4 Bxc3 26.Qxc3 Nxf4 27.gxf4 Nf7 28.Rb7 Rab8 29.
Reb1 Rxb7 30.Rxb7 Qd8 31.Nf1 Bc8 32.Rb8 Qc7 33.Qb2 Nd8 34.Rb6 Qe7 35.a4 
Nf7 36.a5 Nd8 37.Qc3 Nf7 38.Rb8 Qd8 39.Rb2 Bd7 40.Rb6 Bc8 41.Ng3 Qe7 42.
Kf2 Qh4 43.h3 g5 44.Qd2 Kf8 45.Rb8 Bd7 46.Rxe8+ Kxe8 47.Qe2 gxf4 48.exf4+ 
Qe7 49.Qb2 Qd8 50.Qc3 Kf8 51.Bf1 1-0

[Event "I Open Svolta A"]
[Site "Torino ITA"]
[Date "2000.05.29"]
[Round "2"]
[White "Faraoni, Enrico"]
[Black "Lovric, Branko"]
[Result "0-1"]
[WhiteElo "2174"]
[BlackElo "2322"]
[PlyCount "62"]
[EventDate "2000.05.28"]

1.e4 b6 2.d4 Bb7 3.Bd3 Nf6 4.Qe2 Nc6 5.c3 e5 6.d5 Ne7 7.Be3 c6 8.c4 Ng6 9.
Nd2 Bc5 10.O-O-O a6 11.Kb1 cxd5 12.cxd5 Bxe3 13.fxe3 b5 14.g4 h6 15.Rc1 d6
16.Nb3 Bc8 17.h3 Bd7 18.Nf3 Qb6 19.Rc2 Ke7 20.g5 hxg5 21.Nxg5 Rac8 22.Rxc8
Rxc8 23.Rf1 Rh8 24.Rc1 Rh5 25.h4 Nxh4 26.Rg1 Ng6 27.Qe1 Bg4 28.Na5 Rxg5 
29.Nc6+ Kf8 30.Qb4 Ne8 31.Rg3 Be2 0-1

[Event "I Open Svolta A"]
[Site "Torino ITA"]
[Date "2000.05.29"]
[Round "2"]
[White "Ravagnani, Tiziano"]
[Black "Sarno, Spartaco"]
[Result "0-1"]
[WhiteElo "2014"]
[BlackElo "2391"]
[PlyCount "54"]
[EventDate "2000.05.28"]

1.e4 d6 2.d4 Nf6 3.Nc3 g6 4.Be2 Bg7 5.Nf3 O-O 6.h3 c6 7.Be3 b5 8.Bd3 Nbd7 
9.Qd2 e5 10.O-O Bb7 11.Bh6 a6 12.Bxg7 Kxg7 13.Qg5 h6 14.Qe3 Re8 15.dxe5 
dxe5 16.Rad1 Qc7 17.Ne2 c5 18.Ng3 c4 19.Nh4 Kh7 20.Be2 Nc5 21.Ngf5 gxf5 
22.Nxf5 Ng8 23.Rd6 Re6 24.Rfd1 Rae8 25.Bh5 Bxe4 26.Rd7 Nxd7 27.Qxe4 Ndf6 
0-1

[Event "I Open Svolta A"]
[Site "Torino ITA"]
[Date "2000.05.29"]
[Round "2"]
[White "Saccona, Silvano"]
[Black "Racioppo, Paolo"]
[Result "1/2-1/2"]
[WhiteElo "2113"]
[BlackElo "2189"]
[PlyCount "52"]
[EventDate "2000.05.28"]

1.Nf3 f5 2.g3 Nf6 3.Bg2 d6 4.d4 g6 5.h4 Bg7 6.Bg5 Nbd7 7.Nc3 c6 8.Qd3 h6 
9.Bxf6 Nxf6 10.e4 fxe4 11.Nxe4 Nxe4 12.Qxe4 Bf5 13.Qe2 O-O 14.c3 Bg4 15.
Qe4 Qd7 16.O-O Rf7 17.Nd2 Bf5 18.Qe3 Raf8 19.Rad1 b6 20.Nc4 Kh7 21.Kh2 Qc7
22.Qe2 b5 23.Ne3 e5 24.d5 e4 25.h5 Be5 26.Qc2 Qe7 1/2-1/2

[Event "I Open Svolta A"]
[Site "Torino ITA"]
[Date "2000.05.29"]
[Round "2"]
[White "Scarenzio, Renato"]
[Black "Soncin, Denis"]
[Result "0-1"]
[WhiteElo "2013"]
[BlackElo "2143"]
[PlyCount "42"]
[EventDate "2000.05.28"]

1.d4 g6 2.c4 Nf6 3.Nc3 d5 4.Bg5 Ne4 5.Nxe4 dxe4 6.e3 c5 7.Qd2 Bg7 8.Ne2 
Nc6 9.d5 Ne5 10.Ng3 Nd3+ 11.Bxd3 exd3 12.Ne4 b5 13.cxb5 Qxd5 14.f3 Bb7 15.
Bh4 Rc8 16.Nc3 Qd7 17.O-O O-O 18.Rac1 Rfd8 19.b3 c4 20.bxc4 Rxc4 21.a4 
Rxh4 0-1

[Event "I Open Svolta A"]
[Site "Torino ITA"]
[Date "2000.05.29"]
[Round "2"]
[White "Vujovic, Milorad"]
[Black "Genova, Ruzka"]
[Result "1-0"]
[WhiteElo "2316"]
[BlackElo "2171"]
[PlyCount "93"]
[EventDate "2000.05.28"]

1.e4 c5 2.Nf3 e6 3.Nc3 d6 4.g3 Nf6 5.Bg2 Be7 6.O-O O-O 7.d4 cxd4 8.Nxd4 a6
9.a4 Qc7 10.a5 Nc6 11.Nb3 Nd7 12.f4 Rb8 13.Be3 b6 14.axb6 Nxb6 15.Qe2 Nb4 
16.Rfd1 Nc4 17.Bc1 Nb6 18.g4 Re8 19.g5 Bf8 20.Rd4 d5 21.exd5 Bb7 22.d6 
Bxd6 23.Bxb7 Rxb7 24.Ne4 Nxc2 25.Rxd6 Nxa1 26.Nbc5 Rbb8 27.Be3 Nd5 28.Bd4 
Nxf4 29.Qf1 e5 30.Rd7 Qa5 31.Bc3 Qa2 32.Nd6 Red8 33.Bxe5 Rxd7 34.Nxd7 Ng6 
35.Nxb8 Nxe5 36.Qc1 Qe6 37.Qc8+ Qxc8 38.Nxc8 Nf3+ 39.Kg2 Nxg5 40.Nxa6 Kf8 
41.b4 Ke8 42.b5 Kd8 43.Nd6 Ne6 44.b6 Nd4 45.b7 Nc6 46.Nxf7+ Ke7 47.Ne5 1-0

[Event "I Open Svolta A"]
[Site "Torino ITA"]
[Date "2000.05.30"]
[Round "3"]
[White "Chilingirova, Pavlina"]
[Black "Vujovic, Milorad"]
[Result "1/2-1/2"]
[WhiteElo "2237"]
[BlackElo "2316"]
[PlyCount "68"]
[EventDate "2000.05.28"]

1.c4 e5 2.Nc3 Nc6 3.g3 d6 4.d3 Be6 5.Bg2 Qd7 6.e3 g6 7.b3 Bg7 8.Bb2 Nge7 
9.Nd5 Bxd5 10.cxd5 Nb4 11.e4 Qb5 12.Bf1 f5 13.a3 Na6 14.b4 O-O 15.Nh3 Qb6 
16.Qc2 c6 17.dxc6 bxc6 18.d4 Nc7 19.dxe5 dxe5 20.Bc4+ Kh8 21.Ng5 fxe4 22.
Nxe4 Nf5 23.O-O Nb5 24.Bxb5 cxb5 25.Nc5 Rad8 26.Rad1 Qc6 27.Qb3 Rxd1 28.
Rxd1 Nd4 29.Bxd4 exd4 30.Ne6 Rf3 31.Qa2 Qc4 32.Qxc4 bxc4 33.Nxd4 Rxa3 34.
Ne6 Bf6 1/2-1/2

[Event "I Open Svolta A"]
[Site "Torino ITA"]
[Date "2000.05.30"]
[Round "3"]
[White "Diana, Riccardo"]
[Black "Scarenzio, Renato"]
[Result "0-1"]
[WhiteElo "2067"]
[BlackElo "2013"]
[PlyCount "67"]
[EventDate "2000.05.28"]

1.c4 c6 2.Nf3 d5 3.b3 Nf6 4.e3 e6 5.Be2 Nbd7 6.Bb2 Bd6 7.O-O dxc4 8.bxc4 
Qb6 9.Qc2 O-O 10.d4 c5 11.Nbd2 cxd4 12.exd4 Qc7 13.Bd3 b6 14.Ne4 Bf4 15.
Ba3 Re8 16.g3 Bb7 17.gxf4 Qxf4 18.Nfd2 Ng4 19.Bd6 e5 20.Rfe1 Qxh2+ 21.Kf1 
Qh3+ 22.Ke2 exd4 23.Rh1 Qg2 24.Rag1 Qxf2+ 25.Kd1 Ne3+ 26.Kc1 Qxg1+ 27.Rxg1
Nxc2 28.Kxc2 Re6 29.Ba3 Ne5 30.Ng5 Rh6 31.Bf5 Rh5 32.Bd6 Re8 33.Nde4 Bxe4+
34.Bxe4 0-1

[Event "I Open Svolta A"]
[Site "Torino ITA"]
[Date "2000.05.30"]
[Round "3"]
[White "Lovric, Branko"]
[Black "Drazic, Sinisa"]
[Result "0-1"]
[WhiteElo "2322"]
[BlackElo "2483"]
[PlyCount "74"]
[EventDate "2000.05.28"]

1.b3 e5 2.Bb2 d6 3.e4 Nc6 4.g3 g6 5.Bg2 Bg7 6.Ne2 h5 7.h3 f5 8.d3 h4 9.Nd2
Nf6 10.exf5 hxg3 11.fxg3 Bxf5 12.Ne4 Nxe4 13.dxe4 Be6 14.Bc1 Qd7 15.g4 O-O
16.c3 a5 17.Be3 a4 18.b4 b5 19.a3 Rf7 20.Qd2 Bb3 21.Bf2 Raf8 22.O-O Nd8 
23.Be3 Ne6 24.Rxf7 Rxf7 25.Rf1 Bc4 26.Rxf7 Qxf7 27.g5 Nf4 28.Nxf4 exf4 29.
Bd4 Bxd4+ 30.cxd4 f3 31.Bf1 Bxf1 32.Kxf1 Qe6 33.h4 Qxe4 34.Qe1 d5 35.Qxe4 
dxe4 36.Kf2 c6 37.Ke3 Kf7 0-1

[Event "I Open Svolta A"]
[Site "Torino ITA"]
[Date "2000.05.30"]
[Round "3"]
[White "Racioppo, Paolo"]
[Black "Faraoni, Enrico"]
[Result "1/2-1/2"]
[WhiteElo "2189"]
[BlackElo "2174"]
[PlyCount "22"]
[EventDate "2000.05.28"]

1.e4 b6 2.d3 Bb7 3.g3 d5 4.Nd2 e5 5.Bg2 Nf6 6.Qe2 Bb4 7.exd5 O-O 8.c4 Re8 
9.Kf1 c6 10.d6 Bxd2 11.Bxd2 Qxd6 1/2-1/2

[Event "I Open Svolta A"]
[Site "Torino ITA"]
[Date "2000.05.30"]
[Round "3"]
[White "Sarno, Spartaco"]
[Black "Lazic, Miroljub"]
[Result "1-0"]
[WhiteElo "2391"]
[BlackElo "2478"]
[PlyCount "73"]
[EventDate "2000.05.28"]

1.c4 e5 2.Nc3 Nc6 3.g3 g6 4.Bg2 Bg7 5.e3 d6 6.d3 Nge7 7.Rb1 Be6 8.b4 Qd7 
9.b5 Nd8 10.Qb3 O-O 11.a4 Rb8 12.a5 f5 13.Nge2 g5 14.f4 Bf7 15.fxg5 Ne6 
16.O-O Nxg5 17.e4 Ne6 18.Be3 fxe4 19.Nxe4 Bh5 20.Qa2 Nd4 21.Bxd4 exd4 22.
Nf4 Bg4 23.a6 b6 24.c5+ Kh8 25.c6 Qe8 26.Ng5 Ng6 27.Nf7+ Rxf7 28.Nxg6+ 
hxg6 29.Qxf7 Qe3+ 30.Kh1 Be5 31.Qxc7 Rg8 32.Rbe1 Qxd3 33.Rxe5 dxe5 34.
Qxe5+ Rg7 35.Rf7 Qd1+ 36.Bf1 Bf3+ 37.Kg1 1-0

[Event "I Open Svolta A"]
[Site "Torino ITA"]
[Date "2000.05.30"]
[Round "3"]
[White "Soncin, Denis"]
[Black "Laketic, Gojko"]
[Result "0-1"]
[WhiteElo "2143"]
[BlackElo "2456"]
[PlyCount "62"]
[EventDate "2000.05.28"]

1.e4 Nf6 2.Nc3 c5 3.Bc4 Nc6 4.Nf3 a6 5.a4 e6 6.d3 d5 7.exd5 exd5 8.Bb3 h6 
9.h3 Be6 10.Bf4 c4 11.dxc4 dxc4 12.Qxd8+ Rxd8 13.Ba2 Bb4 14.Bd2 O-O 15.O-O
Rd7 16.Rfe1 Rfd8 17.Re2 Bc5 18.Rae1 Nd4 19.Nxd4 Bxd4 20.Bc1 Bxc3 21.bxc3 
b5 22.Ba3 Nd5 23.Bb4 Nf4 24.Re5 Rd1 25.Kh2 Rxe1 26.Rxe1 Rd2 27.axb5 Rxf2 
28.Kg3 Re2 29.Rb1 Nh5+ 30.Kh4 Rxg2 31.Kxh5 Rh2 0-1

[Event "I Open Svolta A"]
[Site "Torino ITA"]
[Date "2000.05.30"]
[Round "3"]
[White "Spinelli, Doriano"]
[Black "Ravagnani, Tiziano"]
[Result "1-0"]
[WhiteElo "2189"]
[BlackElo "2014"]
[PlyCount "97"]
[EventDate "2000.05.28"]

1.e4 c5 2.Nc3 g6 3.g3 Bg7 4.Bg2 e6 5.d3 Ne7 6.Be3 Nbc6 7.Qd2 Nd4 8.f4 O-O 
9.Nf3 d5 10.Nd1 dxe4 11.dxe4 Nxf3+ 12.Bxf3 Qxd2+ 13.Bxd2 Nc6 14.c3 e5 15.
Ne3 f5 16.exf5 exf4 17.gxf4 Bxf5 18.O-O-O Rac8 19.Nxf5 gxf5 20.Rhg1 Kh8 
21.Be3 Nd4 22.Bh5 Rc7 23.Kb1 Ne6 24.Rd6 Rf6 25.Be2 Bf8 26.Rd5 Ng7 27.Rd8 
Ne6 28.Bc4 Rg7 29.Bxe6 Rxg1+ 30.Bxg1 Rxe6 31.Bxc5 Kg7 32.Bxf8+ Kf7 33.Bc5 
Re1+ 34.Kc2 Re2+ 35.Rd2 Re4 36.Bd6 Kg6 37.Kd3 Re6 38.Be5 Kh5 39.Rg2 Kh4 
40.Rg3 Ra6 41.a3 Rb6 42.c4 a5 43.c5 Rc6 44.b4 axb4 45.axb4 Ra6 46.Kc4 h5 
47.b5 Rh6 48.Bg7 b6 49.Bxh6 1-0

[Event "I Open Svolta A"]
[Site "Torino ITA"]
[Date "2000.05.31"]
[Round "4"]
[White "Drazic, Sinisa"]
[Black "Sarno, Spartaco"]
[Result "1-0"]
[WhiteElo "2483"]
[BlackElo "2391"]
[PlyCount "75"]
[EventDate "2000.05.28"]

1.c4 e5 2.Nc3 Nf6 3.Nf3 Nc6 4.e3 g6 5.d4 d6 6.Be2 Bg7 7.dxe5 Nxe5 8.Nxe5 
dxe5 9.Qxd8+ Kxd8 10.b3 c6 11.Ba3 Bf8 12.O-O-O+ Nd7 13.Bb2 f6 14.Ne4 Kc7 
15.Nxf6 Bg7 16.Ne4 a5 17.a3 b6 18.Rd2 Nc5 19.Nxc5 bxc5 20.a4 Rb8 21.Bd1 
Be6 22.Ba3 Rb4 23.Kb2 Rhb8 24.Ka2 Bf5 25.g4 Be6 26.h3 Re8 27.Bc2 Bc8 28.
Rhd1 Bf8 29.Be4 Re6 30.g5 Be7 31.h4 Kb6 32.Bg2 e4 33.Bh3 Ka6 34.Bxb4 cxb4 
35.Bxe6 Bxe6 36.Rd6 Bg4 37.R1d2 Kb6 38.Rd7 1-0

[Event "I Open Svolta A"]
[Site "Torino ITA"]
[Date "2000.05.31"]
[Round "4"]
[White "Faraoni, Enrico"]
[Black "Soncin, Denis"]
[Result "0-1"]
[WhiteElo "2174"]
[BlackElo "2143"]
[PlyCount "78"]
[EventDate "2000.05.28"]

1.f4 c5 2.Nf3 Nc6 3.e4 e6 4.Bb5 Nge7 5.O-O a6 6.Be2 d5 7.Nc3 d4 8.Nb1 g6 
9.d3 Bg7 10.Qe1 b5 11.Qh4 Ng8 12.Qg3 Nf6 13.Nh4 Qc7 14.a4 Ra7 15.Na3 Rb7 
16.Bd2 O-O 17.Qh3 c4 18.g4 c3 19.bxc3 dxc3 20.Be3 b4 21.Nc4 b3 22.cxb3 
Rxb3 23.e5 Nd5 24.Bc5 Rd8 25.Bd1 Nxe5 26.Bxb3 Qxc5+ 27.Kh1 Nxc4 28.Bxc4 
Ne3 29.f5 Bb7+ 30.Nf3 exf5 31.Rab1 fxg4 32.Qh4 Rb8 33.Bxf7+ Kxf7 34.Rxb7+ 
Rxb7 35.Ng5+ Ke8 36.Re1 c2 37.Qf2 Qd5+ 38.Kg1 Bd4 39.Qxc2 Kd7 0-1

[Event "I Open Svolta A"]
[Site "Torino ITA"]
[Date "2000.05.31"]
[Round "4"]
[White "Laketic, Gojko"]
[Black "Spinelli, Doriano"]
[Result "1-0"]
[WhiteElo "2456"]
[BlackElo "2189"]
[PlyCount "73"]
[EventDate "2000.05.28"]

1.d4 d5 2.c4 e6 3.Nc3 Be7 4.Nf3 Nf6 5.Bg5 h6 6.Bxf6 Bxf6 7.e3 O-O 8.Rc1 b6
9.cxd5 exd5 10.b4 c6 11.b5 c5 12.dxc5 d4 13.Ne4 bxc5 14.Nxf6+ Qxf6 15.exd4
Bb7 16.Be2 cxd4 17.O-O Rd8 18.Rc7 Be4 19.Bc4 Bxf3 20.Qxf3 Qxf3 21.gxf3 Nd7
22.Bd5 Rab8 23.f4 Ne5 24.Bb3 Rd7 25.Rfc1 Nf3+ 26.Kg2 Ne1+ 27.Kf1 Rxc7 28.
Rxc7 Nf3 29.Bxf7+ Kf8 30.Ke2 Nxh2 31.a4 Rd8 32.Rxa7 d3+ 33.Kd2 Nf3+ 34.Kd1
Rd4 35.Bh5 Rxf4 36.Bxf3 Rxf3 37.b6 1-0

[Event "I Open Svolta A"]
[Site "Torino ITA"]
[Date "2000.05.31"]
[Round "4"]
[White "Lovric, Branko"]
[Black "Chilingirova, Pavlina"]
[Result "1-0"]
[WhiteElo "2322"]
[BlackElo "2237"]
[PlyCount "55"]
[EventDate "2000.05.28"]

1.b3 c5 2.Bb2 Nc6 3.f4 d5 4.e3 Nf6 5.Bb5 Bd7 6.Nf3 e6 7.O-O Be7 8.Bxc6 
Bxc6 9.Ne5 Rc8 10.d3 O-O 11.Nd2 Nd7 12.Qg4 Nxe5 13.fxe5 Bg5 14.Rae1 d4 15.
Nc4 b5 16.Nd6 Bxe3+ 17.Rxe3 dxe3 18.Nxc8 Qxc8 19.Re1 g6 20.Rxe3 h5 21.Qf4 
Qd7 22.Rg3 Rc8 23.h3 c4 24.Ba3 cxb3 25.cxb3 Bd5 26.Qh6 Rc2 27.Qf8+ Kh7 28.
Be7 1-0

[Event "I Open Svolta A"]
[Site "Torino ITA"]
[Date "2000.05.31"]
[Round "4"]
[White "Racioppo, Paolo"]
[Black "Genova, Ruzka"]
[Result "1/2-1/2"]
[WhiteElo "2189"]
[BlackElo "2171"]
[PlyCount "128"]
[EventDate "2000.05.28"]

1.e4 c5 2.d3 Nc6 3.g3 g6 4.Bg2 Bg7 5.Nc3 d6 6.Nge2 e6 7.O-O Nge7 8.f4 O-O 
9.Be3 Nd4 10.Rb1 Nec6 11.a3 Qd7 12.Qd2 b6 13.Nd1 Nxe2+ 14.Qxe2 Bb7 15.c3 
f5 16.Nf2 Rae8 17.Rbd1 Kh8 18.d4 cxd4 19.cxd4 fxe4 20.Nxe4 Ne7 21.Bf2 Bd5 
22.Ng5 Bxg2 23.Kxg2 Nd5 24.Kg1 Re7 25.Rfe1 Rfe8 26.h4 Nf6 27.Rd3 h6 28.Ne4
Nd5 29.h5 gxh5 30.Qxh5 Rf8 31.Rd2 Rf5 32.Qg6 Nf6 33.Rde2 d5 34.Nd2 Bf8 35.
Nf3 Ne4 36.Ne5 Qe8 37.Rc2 Rf6 38.Qxe8 Rxe8 39.Rc7 Re7 40.Rec1 Rxc7 41.Rxc7
h5 42.Be1 Bd6 43.Rxa7 Bxe5 44.dxe5 Rf8 45.Rc7 h4 46.gxh4 Rxf4 47.Rc6 Nc5 
48.Rxb6 Re4 49.Bf2 Nd3 50.Rxe6 Nxb2 51.Re8+ Kg7 52.Rd8 Nd3 53.Rxd5 Nxf2 
54.Kxf2 Rxh4 55.Ra5 Kf7 56.Ke3 Ke6 57.Kd3 Rg4 58.a4 Rh4 59.Kc3 Re4 60.Ra8 
Rxe5 61.Kc4 Kd7 62.Rb8 Re8 63.Rb2 Kc6 64.a5 Re4+ 1/2-1/2

[Event "I Open Svolta A"]
[Site "Torino ITA"]
[Date "2000.05.31"]
[Round "4"]
[White "Saccona, Silvano"]
[Black "Diana, Riccardo"]
[Result "0-1"]
[WhiteElo "2113"]
[BlackElo "2067"]
[PlyCount "68"]
[EventDate "2000.05.28"]

1.Nf3 Nf6 2.c4 c5 3.Nc3 Nc6 4.e4 d6 5.h3 g6 6.Be2 Bg7 7.d3 a6 8.O-O O-O 9.
Be3 Rb8 10.a4 e5 11.Ra3 Nd4 12.a5 Be6 13.Qd2 Ne8 14.Ng5 Nc7 15.f4 exf4 16.
Bxf4 Be5 17.Nxe6 fxe6 18.Bxe5 Rxf1+ 19.Bxf1 dxe5 20.Na4 Qe7 21.Rc3 Rf8 22.
Qe1 Ne8 23.Rc1 Ng7 24.Rb1 Nh5 25.b3 Qg5 26.Kh2 Qf4+ 27.Kg1 Ng3 28.Nxc5 
Nxf1 29.g3 Nxg3 30.Kg2 Qf3+ 31.Kh2 Nf1+ 32.Qxf1 Qxf1 33.Rxf1 Rxf1 34.Nxb7 
Nxb3 0-1

[Event "I Open Svolta A"]
[Site "Torino ITA"]
[Date "2000.06.01"]
[Round "5"]
[White "Chilingirova, Pavlina"]
[Black "Faraoni, Enrico"]
[Result "1-0"]
[WhiteElo "2237"]
[BlackElo "2174"]
[PlyCount "77"]
[EventDate "2000.05.28"]

1.c4 g6 2.d4 Bg7 3.Nc3 Nf6 4.e4 d6 5.g3 O-O 6.Bg2 Nc6 7.Nge2 e5 8.d5 Ne7 
9.h3 Ne8 10.Be3 f5 11.Qd2 a6 12.O-O Nf6 13.Kh2 fxe4 14.Nxe4 Nxe4 15.Bxe4 
Nf5 16.Bg5 Qe8 17.g4 Kh8 18.gxf5 gxf5 19.Bg2 f4 20.Nxf4 exf4 21.Rae1 Be5 
22.Bf3 Qd7 23.Bg4 Qg7 24.Rxe5 Qxe5 25.Bxc8 Raxc8 26.Rg1 Rf5 27.Bh6 Rg8 28.
Re1 Rh5 29.Rxe5 dxe5 30.Bxf4 exf4 31.Qxf4 Rhg5 32.h4 Rg2+ 33.Kh3 Rg1 34.
Qf3 h6 35.c5 R8g7 36.d6 cxd6 37.cxd6 R1g6 38.Qf8+ Kh7 39.Qf5 1-0

[Event "I Open Svolta A"]
[Site "Torino ITA"]
[Date "2000.06.01"]
[Round "5"]
[White "Diana, Riccardo"]
[Black "Racioppo, Paolo"]
[Result "1/2-1/2"]
[WhiteElo "2067"]
[BlackElo "2189"]
[PlyCount "82"]
[EventDate "2000.05.28"]

1.e4 c5 2.c3 g6 3.d4 cxd4 4.cxd4 d5 5.e5 Nc6 6.Nc3 h5 7.h3 Nh6 8.Nf3 Bg7 
9.Be2 a6 10.O-O Nf5 11.Bf4 e6 12.Rc1 Bd7 13.Qd2 Bf8 14.Rfd1 Be7 15.Bf1 Rg8
16.g4 hxg4 17.hxg4 Nh4 18.Nxh4 Bxh4 19.g5 Rh8 20.Be2 Ne7 21.Kg2 Nf5 22.Rh1
Qb6 23.Rcd1 O-O-O 24.Rh2 Rh7 25.Bg4 Rdh8 26.Bxf5 gxf5 27.Rdh1 Qd8 28.Be3 
Rh5 29.f4 R8h7 30.Kf1 b5 31.b4 Qh8 32.Qe2 Qf8 33.a3 Kb8 34.Nb1 Qh8 35.Nd2 
Be8 36.Nf3 Bg3 37.Rxh5 Rxh5 38.Rxh5 Qxh5 39.Qg2 Qg4 40.Bd2 Bxf4 41.Qxg4 
fxg4 1/2-1/2

[Event "I Open Svolta A"]
[Site "Torino ITA"]
[Date "2000.06.01"]
[Round "5"]
[White "Genova, Ruzka"]
[Black "Lazic, Miroljub"]
[Result "1/2-1/2"]
[WhiteElo "2171"]
[BlackElo "2478"]
[PlyCount "90"]
[EventDate "2000.05.28"]

1.d4 d5 2.c4 e6 3.Nf3 c6 4.Qc2 Nf6 5.cxd5 exd5 6.Nc3 Na6 7.a3 g6 8.Bg5 Bf5
9.Qd2 Be7 10.e3 Nc7 11.Be2 Ne6 12.Bh4 a5 13.Ne5 h5 14.f3 g5 15.Bf2 Bd6 16.
Bd3 Bxd3 17.Nxd3 Qc7 18.e4 dxe4 19.fxe4 Ng4 20.e5 Be7 21.O-O Qd7 22.d5 
cxd5 23.h3 Nh6 24.b4 axb4 25.Nxb4 d4 26.Ncd5 Ra5 27.Nxe7 Kxe7 28.Nc6+ Qxc6
29.Bxd4 Ra4 30.Be3 Rg8 31.Rf6 Rd8 32.Qf2 Qc3 33.Rf1 Rf4 34.Bxf4 Nxf4 35.
Rxh6 Rd2 36.Qf3 Rxg2+ 37.Kh1 Qb2 38.Rxh5 Rh2+ 39.Kg1 Rg2+ 40.Kh1 Rh2+ 41.
Kg1 Rg2+ 42.Kh1 Kf8 43.e6 Rh2+ 44.Kg1 Rg2+ 45.Kh1 Rh2+ 1/2-1/2

[Event "I Open Svolta A"]
[Site "Torino ITA"]
[Date "2000.06.01"]
[Round "5"]
[White "Laketic, Gojko"]
[Black "Drazic, Sinisa"]
[Result "1/2-1/2"]
[WhiteElo "2456"]
[BlackElo "2483"]
[PlyCount "24"]
[EventDate "2000.05.28"]

1.d4 d5 2.c4 c6 3.cxd5 cxd5 4.Nf3 Nf6 5.Nc3 Nc6 6.Bf4 Bf5 7.e3 e6 8.Rc1 
Rc8 9.Bd3 Bxd3 10.Qxd3 Bd6 11.Bxd6 Qxd6 12.O-O O-O 1/2-1/2

[Event "I Open Svolta A"]
[Site "Torino ITA"]
[Date "2000.06.01"]
[Round "5"]
[White "Ravagnani, Tiziano"]
[Black "Saccona, Silvano"]
[Result "0-1"]
[WhiteElo "2014"]
[BlackElo "2113"]
[PlyCount "126"]
[EventDate "2000.05.28"]

1.e4 c6 2.d4 d5 3.Nc3 dxe4 4.Nxe4 Nf6 5.Nxf6+ exf6 6.Bc4 Bd6 7.Ne2 Qc7 8.
Ng3 O-O 9.O-O Be6 10.Bd3 Nd7 11.c4 f5 12.Qc2 g6 13.Bh6 Rfe8 14.Rfe1 Bf4 
15.Bxf4 Qxf4 16.Qc3 Red8 17.Rad1 Qh4 18.Be2 Nb6 19.b3 Qf6 20.Bf3 a5 21.Ne2
Kg7 22.h4 h6 23.d5 cxd5 24.Qe3 Ra6 25.Nf4 Bd7 26.Bxd5 Re8 27.Qg3 Kf8 28.
Rxe8+ Bxe8 29.Bxb7 Ra7 30.Qf3 Qxh4 31.c5 Nd7 32.c6 Ne5 33.Qe3 Nxc6 34.Bxc6
Re7 35.Qg3 Qxg3 36.fxg3 Bxc6 37.Rd6 Re1+ 38.Kf2 Rc1 39.Ke3 Be4 40.Ra6 g5 
41.Ne2 Rc5 42.Rxh6 Bxg2 43.Rb6 Rc2 44.a4 Rc5 45.Nd4 Be4 46.Rb5 Rc3+ 47.Kf2
Rd3 48.Ne2 Rf3+ 49.Ke1 Re3 50.Kd2 Rd3+ 51.Ke1 Kg7 52.Rxa5 Rxb3 53.g4 Kg6 
54.gxf5+ Bxf5 55.Nd4 Rb1+ 56.Kf2 Be4 57.Ke3 f5 58.Ra6+ Kh5 59.a5 Ra1 60.
Nb3 Ra3 61.Rb6 Bd5 62.Kd4 Bxb3 63.a6 Bd1 0-1

[Event "I Open Svolta A"]
[Site "Torino ITA"]
[Date "2000.06.01"]
[Round "5"]
[White "Sarno, Spartaco"]
[Black "Lovric, Branko"]
[Result "1-0"]
[WhiteElo "2391"]
[BlackElo "2322"]
[PlyCount "115"]
[EventDate "2000.05.28"]

1.Nf3 b6 2.g3 Bb7 3.Bg2 e5 4.d3 g6 5.c4 Bg7 6.Nc3 Ne7 7.O-O O-O 8.Bg5 c5 
9.Bxe7 Qxe7 10.Ne1 Bc6 11.Nc2 Bh6 12.Nd5 Bxd5 13.Bxd5 Nc6 14.a3 Rac8 15.e3
Bg7 16.Rb1 Qd6 17.b4 Ne7 18.bxc5 bxc5 19.Bb7 Rb8 20.Qd2 Qc7 21.Bf3 h5 22.
Na1 Rxb1 23.Rxb1 Rb8 24.Nb3 Rb6 25.Qc2 Nc8 26.Nd2 Bf6 27.Ne4 Be7 28.Nc3 
Qb8 29.Rxb6 axb6 30.Bd5 Bd8 31.Qa4 Qa7 32.Qxa7 Nxa7 33.Kf1 Kf8 34.Ke2 Ke7 
35.Kd1 f5 36.Kc2 g5 37.Bf3 g4 38.Bb7 Kd6 39.Kb3 h4 40.Ka4 Kc7 41.Bd5 Kd6 
42.Bf7 Ke7 43.Bh5 Ke6 44.e4 hxg3 45.hxg3 Bg5 46.Nd5 Bd2 47.Nxb6 Be1 48.
exf5+ Kxf5 49.f3 gxf3 50.Bxf3 Bxg3 51.Nxd7 Be1 52.Nxc5 Kf4 53.Be4 Ke3 54.
Ne6 Bd2 55.Kb3 Ba5 56.a4 Nc8 57.c5 Ne7 58.Kc4 1-0

[Event "I Open Svolta A"]
[Site "Torino ITA"]
[Date "2000.06.01"]
[Round "5"]
[White "Spinelli, Doriano"]
[Black "Soncin, Denis"]
[Result "1/2-1/2"]
[WhiteElo "2189"]
[BlackElo "2143"]
[PlyCount "79"]
[EventDate "2000.05.28"]

1.e4 c5 2.d4 cxd4 3.c3 g6 4.cxd4 d5 5.exd5 Nf6 6.Bb5+ Bd7 7.Bc4 Qc7 8.Bb3 
a5 9.Nc3 b5 10.a4 b4 11.Nce2 Na6 12.Nf3 Qb7 13.Nf4 Nc7 14.d6 exd6 15.O-O 
d5 16.Re1+ Be6 17.Ng5 Ra6 18.Qf3 Be7 19.Bc4 Rb6 20.Ngxe6 dxc4 21.Nxc7+ 
Qxc7 22.Nd5 Nxd5 23.Qxd5 O-O 24.Bh6 Rc8 25.Qxa5 Bf8 26.Bxf8 Kxf8 27.Qg5 c3
28.bxc3 bxc3 29.a5 Ra6 30.h4 Rca8 31.Qh6+ Kg8 32.Re5 c2 33.Rae1 Qc8 34.Qd2
Rxa5 35.Rxa5 Rxa5 36.Rc1 Ra2 37.d5 Rb2 38.d6 Rb1 39.d7 Qxd7 40.Qxc2 
1/2-1/2

[Event "I Open Svolta A"]
[Site "Torino ITA"]
[Date "2000.06.01"]
[Round "5"]
[White "Vujovic, Milorad"]
[Black "Scarenzio, Renato"]
[Result "1-0"]
[WhiteElo "2316"]
[BlackElo "2013"]
[PlyCount "97"]
[EventDate "2000.05.28"]

1.e4 c6 2.d4 d5 3.Nc3 dxe4 4.Nxe4 Nd7 5.Bc4 Ngf6 6.Ng5 e6 7.Qe2 Nb6 8.Bb3 
h6 9.N5f3 c5 10.dxc5 Bxc5 11.Ne5 O-O 12.Ngf3 Nbd7 13.g4 Nxe5 14.Nxe5 Qa5+ 
15.Bd2 Bxf2+ 16.Kf1 Qc7 17.g5 Bd4 18.Nf3 Bxb2 19.Rb1 Bc3 20.Bxc3 Qxc3 21.
gxf6 Qxf6 22.Kf2 b6 23.Qe5 Bb7 24.Qxf6 gxf6 25.Rhg1+ Kh7 26.c4 Rg8 27.Bc2+
f5 28.Ne5 Rad8 29.Ke3 f6 30.Rxg8 Kxg8 31.Rg1+ Kf8 32.Ng6+ Kf7 33.Nf4 e5 
34.Nd5 f4+ 35.Kf2 Bc6 36.Bg6+ Ke6 37.Be4 Kf7 38.h4 Rd6 39.a4 h5 40.Bg6+ 
Kf8 41.Bxh5 Bxd5 42.Rd1 Bf7 43.Rxd6 Bxh5 44.Rxf6+ Ke7 45.Rf5 Bf7 46.Rxe5+ 
Kf6 47.Rd5 Bxd5 48.cxd5 b5 49.axb5 1-0